al-Muʻjam fī baqīyat al-ashyāʼ /

محفوظ في:

المؤلف الرئيسي: ʻAskarī, Abū Hilāl al-Ḥasan ibn ʻAbd Allāh (مؤلف)

مؤلفون آخرون: Ibyārī, Ibrāhīm., Shalabī, ʻAbd al-Ḥafīz.

التنسيق: كتاب

اللغة: Arabic

منشور في: al-Qāhirah : Matḅaʻat Dār al-kutub al-Misṛīyah, 1934.

الطبعة: al-Tāba'h 1.

الموضوعات:

الوسوم: إضافة وسم

لا توجد وسوم, كن أول من يضع وسما على هذه التسجيلة!

رقم الطلب: PJ6620 .A68 1934

LEADER 01481nam a2200265Ia 4500
003 OSt
005 20231002081507.0
008 130303s1934 ua d 000 0 ara d
952 |0 0  |1 0  |2 lcc  |4 0  |6 PJ6620 A68 01934  |7 1  |9 50282  |a ARCE  |b ARCE  |d 2023-10-02  |l 0  |o PJ6620 .A68 1934  |p 1030608  |r 2023-10-02 00:00:00  |w 2023-10-02  |y BK 
999 |c 26689  |d 26689 
040 |c ARCE Library 
050 4 |a PJ6620 .A68 1934 
100 1 |6 880-01  |a ʻAskarī, Abū Hilāl al-Ḥasan ibn ʻAbd Allāh,  |e author 
245 1 3 |6 880-02  |a al-Muʻjam fī baqīyat al-ashyāʼ /   |c li-Abī Hilāl al-ʻAskarī ; akmalahu wa-ʻallaqa ʻalayhi wa-dạbatạhu Ibrāhīm al-Ibyārī, ʻAbd al-Hạ̄fīz ̣Shalabī. 
250 |a al-Tāba'h 1. 
264 1 |a al-Qāhirah :   |b Matḅaʻat Dār al-kutub al-Misṛīyah,   |c 1934. 
300 |a 174 pages ;  |c 18 cm. 
650 0 |a Arabic language  |v Dictionaries. 
650 0 |a Arabic language  |v Glossaries, vocabularies, etc. 
700 1 |a Ibyārī, Ibrāhīm. 
700 1 |a Shalabī, ʻAbd al-Ḥafīz. 
880 1 |6 100-01/(3/r  |a عسكرى، أبى هلال الحسن بن عبدالله 
880 1 2 |6 245-02/(3/r  |a المعجم فى بقية الأشياء   |c لأبى هلال العسكرى ؛ أكمله و علق عليه و ضبطه إبراهيم الأبيارى، عبد الحفيظ شلبى.‪‪‪‪‪‪‪‪‪‪‪‪‪‪‪‪‪‪‪‪‪‪‪‪‪‪‪‪‪‪‪‪‪‪‪‪‪‪‪‪‪‪‪‪‪‪‪‪ 
901 |a reviewed 
942 |c BK  |2 lcc